Language death (Record no. 52750)
[ view plain ]
| 000 -LEADER | |
|---|---|
| fixed length control field | 00514nam a2200193Ia 4500 |
| 005 - DATE AND TIME OF LATEST TRANSACTION | |
| control field | 20250623190641.0 |
| 008 - FIXED-LENGTH DATA ELEMENTS--GENERAL INFORMATION | |
| fixed length control field | 250623s9999||||xx |||||||||||||| ||und|| |
| 020 ## - INTERNATIONAL STANDARD BOOK NUMBER | |
| International Standard Book Number | 9781107431812 |
| 020 ## - INTERNATIONAL STANDARD BOOK NUMBER | |
| Qualifying information | pbk |
| 082 ## - DEWEY DECIMAL CLASSIFICATION NUMBER | |
| Classification number | 417.7 |
| Item number | CRY |
| 100 ## - MAIN ENTRY--PERSONAL NAME | |
| Personal name | Crystal, David |
| 245 #0 - TITLE STATEMENT | |
| Title | Language death |
| 250 ## - EDITION STATEMENT | |
| Edition statement | 1st pub. 2000 ; Carto Classics ed. 2017 |
| 260 ## - PUBLICATION, DISTRIBUTION, ETC. | |
| Place of publication, distribution, etc. | Cambridge |
| Name of publisher, distributor, etc. | Cambridge University Press |
| Date of publication, distribution, etc. | 2017 |
| 300 ## - PHYSICAL DESCRIPTION | |
| Extent | xi, 262p. ; 21cm. |
| 490 ## - SERIES STATEMENT | |
| Series statement | Canto classics |
| 653 ## - INDEX TERM--UNCONTROLLED | |
| Uncontrolled term | Language obsolescence |
| 942 ## - ADDED ENTRY ELEMENTS (KOHA) | |
| Koha item type | Book |
| Withdrawn status | Lost status | Damaged status | Not for loan | Home library | Current library | Shelving location | Date acquired | Source of acquisition | Total Checkouts | Full call number | Barcode | Date last seen | Price effective from | Koha item type |
|---|---|---|---|---|---|---|---|---|---|---|---|---|---|---|
| LRC, IIT Indore | LRC, IIT Indore | 3rd Floor - General Stack | 23/06/2025 | PO_2024-25_PO-120 ,Vendor: International Book Agency, Lucknow ; Inv. No.: IN122/25-26, dt,11.06.2025 ; Price: GBP 15.99 | 417.7 CRY | 38507 | 24/06/2025 | 23/06/2025 | Book | |||||
| LRC, IIT Indore | LRC, IIT Indore | 3rd Floor - General Stack | 23/06/2025 | PO_2024-25_PO-120 ,Vendor: International Book Agency, Lucknow ; Inv. No.: IN122/25-26, dt,11.06.2025 ; Price: GBP 15.99 | 417.7 CRY | 38508 | 24/06/2025 | 23/06/2025 | Book |
